The Impact of the Pandemic on Small and Medium-Sized Enterprises
Hodnotenie stavu sektora malého a stredného podnikania v roku 2020 na základe dostupných štatistických informácií. Predmet hodnotenia malých a stredných podnikov v kontexte ich vývoja za posledné tri roky a porovnanie dostupných údajov o malých a stredných podnikoch na Slovensku.
Enregistré dans:
| Auteur principal: | |
|---|---|
| Autres auteurs: | |
| Format: | Chapitre de livre |
| Langue: | anglais |
| Sujets: | |
| Tags: |
Pas de tags, Soyez le premier à ajouter un tag!
|
MARC
| LEADER | 00000naa$a2200000$$$4500 | ||
|---|---|---|---|
| 001 | 0280966 | ||
| 005 | 20240502083900.6 | ||
| 041 | 0 | |a eng | |
| 044 | |a CZ | ||
| 245 | 1 | 0 | |a The Impact of the Pandemic on Small and Medium-Sized Enterprises |c Anna Harumová, Darina Móžiová |
| 520 | |a Hodnotenie stavu sektora malého a stredného podnikania v roku 2020 na základe dostupných štatistických informácií. Predmet hodnotenia malých a stredných podnikov v kontexte ich vývoja za posledné tri roky a porovnanie dostupných údajov o malých a stredných podnikoch na Slovensku. | ||
| 610 | 2 | 0 | |a koronakríza |
| 610 | 2 | 0 | |a koronavírus |
| 610 | 2 | 0 | |a podnikanie |
| 610 | 2 | 0 | |a podnik malý |
| 610 | 2 | 0 | |a podnik stredný |
| 100 | 1 | |a Harumová, Anna, 1955- | |
| 700 | 1 | |a Móžiová, Darina, 1985- | |